Które miasto w województwie śląskim? - Statystyki

Ogólne statystyki
  • Ten quiz został rozwiązany 57 razy
  • Średni wynik to 13 z 20
Statystyki odpowiedzi
Opis Litera Miasto % Poprawnych
prezydentem tego miasta był kiedyś Henryk Sławik K Katowice
96%
posiada jeden z najbardziej utytułowanych klubów piłkarskich w Polsce Z Zabrze
96%
największe miasto województwa, które pomimo przynależności do niego, historycznie leży w Małopolsce C Częstochowa
94%
miasto to zostało "zaatakowane" przez Polaków, a następnie wykorzystany jako pretekst przez Niemców do napaści na Polskę, a co za tym idzie - rozpoczęciem II wojny światowej G Gliwice
94%
mieszka tam ok. 80tys. ludzi, kiedyś to miasto pełniło także funkcję uzdrowiskową J Jastrzębie-Zdrój
94%
największe miasto w Polsce na tę literę Ż Żory
90%
o powierzchni ponad 180km² D Dąbrowa Górnicza
80%
znajduje się tam ośrodek narciarski Mała Czantoria U Ustroń
80%
znajduje się tam zabytkowa kopalnia srebra T Tarnowskie Góry
76%
znajduje się na jego terenie KWK Chwałowice R Rybnik
71%
miasto sąsiaduje z gminami: Godów, Gorzyce, Lubomia, Marklowice i Mszana W Wodzisław Śląski
69%
Współrzędne geograficzne ścisłego centrum tego miasta to 49°49′21″N 19°02′40″E B Bielsko-Biała
59%
doszło w tym mieście do katastrofy budowlanej 28.01.2006r. na terenie MTK C Chorzów
55%
zamieszkuje to miasto ok. 50 tys. osób, a jego niemiecka nazwa to Warthenau Z Zawiercie
55%
najmniejsze miasto województwa, które jest siedzibą powiatu K Kłobuck
45%
o ludności ok. 30tys. mieszkańców, powstałe w wyniku połączenia dwóch wsi *leży na wschodzie województwa C Czechowice-Dziedzice
41%
Do 1947r. było siedzibą gminy Rokitno Szlacheckie Ł Łazy
31%
przez które przebiega zarówno droga krajowa nr 78, jak i nr 98 S Siewierz
18%
o najniższej gęstości zaludnienia w województwie W Włodowice
8%
najmniejsze miasto województwa pod względem ludności P Przyrów
4%
Nie znaleziono quizów pasujących do podanych kryteriów
Rozkład punktacji
Procent ludzi z każdym wynikiem
Percentyl według liczby udzielonych odpowiedzi
Twoja historia wyników
Nie rozwiązałeś tego quizu